25 Literary Mothers Quiz Stats

 Plays Quiz Updated May 13, 2018

Challenge
Share
Tweet
Embed
Score 0/25 Timer 05:00
1 Play Today
% Correct
Lady Capulet
91.7%
Molly Weasley
88.6%
Mrs. Everdeen
86.7%
Kanga
86.7%
Norma Bates
81.4%
Mrs. Darling
81.3%
Théodwyn
78.6%
Mrs. Bucket
78.2%
Queen Gertrude
78%
Bell Gamgee
72.9%
Margaret March
70.1%
Mrs. Bennet
66.3%
Catelyn Stark
65.4%
% Correct
Helen Pevensie
62.4%
Dorothy Quimby
53.3%
Agneta Salander
51.7%
Anna Karenina
48.7%
Ma Joad
47.7%
Winifred Banks
41.9%
Renée Dwyer
30.4%
Mrs. Arable
27.9%
Paula Meminger
26.6%
Marisa Coulter
25.1%
Mrs. Frisby
24.2%
Abigail Salmon
18.1%

You're not logged in!

Compare scores with friends on all Sporcle quizzes.
OR
Log In

You Might Also Like...

Show Comments

Extras

Top Quizzes Today


Score Distribution

Your Account Isn't Verified!

In order to create a playlist on Sporcle, you need to verify the email address you used during registration. Go to your Sporcle Settings to finish the process.

Report this User

Report this user for behavior that violates our Community Guidelines.

Details: